00445nam a2200121Ia 4500008004100000100001700041245013000058245001700188260005900205650001800264650001500282856002600297170221s9999 xx 000 0 und d aPeter Bryant aIf a Tree Falls in the Forest: The Role of Community Formation and the Power of the Individual in Zine Making Participation  cPeter Bryant bOnline Journal of Communication and Media Technologies xCommunication xMedia Arts uhttp://www.ojcmt.net/